00414nam a2200157Ia 4500003000900000008004100009040001600050080001800066100001600084245003100100260003400131300001400165650004100179650001900220650001700239IN-BaIIA211028s9999 xx 000 0 eng d cIIA Library a535.33.8bKUH aKuhn, H. G. 0aAtomic spectracH. G. Kuhn aLondonbLongmans, Greenc1962 axv, 436p. aAstronomy and Astrophysics Thesaurus aAtomic Spectra aSpectroscopy